[Event "Guelph ProAm int"]
[Site "Guelph CAN"]
[Date "2002.08.09"]
[Round "5"]
[White "Dougherty, Michael"]
[Black "Zubac, Marius"]
[Result "1/2-1/2"]
[WhiteElo "2404"]
[BlackElo "2242"]
[PlyCount "75"]
[EventDate "2002.08.07"]
[EventType "swiss"]
[EventRounds "9"]
[EventCountry "CAN"]

1. d4 f5 2. Nf3 Nf6 3. Bg5 e6 4. Nbd2 d5 5. g4 h6 6. Bxf6 Qxf6 7. gxf5 exf5 8.
Ne5 Nd7 9. e4 Nxe5 10. dxe5 Qxe5 11. Qh5+ Kd8 12. O-O-O Bd6 13. exd5 Qxd5 14.
Bc4 Qd4 15. Rhe1 Bd7 16. Be6 Rf8 17. Ne4 Qe5 18. Nxd6 Qf4+ 19. Kb1 cxd6 20. Qg6
Rf6 21. Qxg7 Rxe6 22. Rxe6 Bxe6 23. Qf8+ Kc7 24. Qxa8 Qf3 25. Kc1 Qxf2 26. b3
Bd7 27. Rd3 a6 28. Qf8 Qe1+ 29. Kb2 Qe5+ 30. Rc3+ Bc6 31. b4 f4 32. a4 Kb6 33.
Qd8+ Ka7 34. a5 f3 35. Qb6+ Kb8 36. Kb3 Bd5+ 37. Kb2 Bc6 38. Kb3 1/2-1/2

[Event "Guelph ProAm int"]
[Site "Guelph CAN"]
[Date "2002.08.09"]
[Round "5"]
[White "Garcia, Alvaro"]
[Black "Kagramanov, Dina"]
[Result "1-0"]
[WhiteElo "2266"]
[BlackElo "2067"]
[PlyCount "85"]
[EventDate "2002.08.07"]
[EventType "swiss"]
[EventRounds "9"]
[EventCountry "CAN"]

1. d4 d5 2. c4 c6 3. Nc3 e6 4. Nf3 dxc4 5. g3 Nf6 6. Bg2 Be7 7. Ne5 Nd5 8. Nxc4
O-O 9. O-O Nd7 10. e4 Nxc3 11. bxc3 b5 12. Ne3 Ba6 13. f4 Qb6 14. Rf2 Rad8 15.
a4 Bb7 16. a5 Qa6 17. Qb3 c5 18. f5 c4 19. Qc2 e5 20. d5 Nc5 21. f6 Bxf6 22.
Ng4 Nd7 23. Ba3 Rfe8 24. Raf1 Qxa5 25. Bc1 Be7 26. Rxf7 Bf6 27. Rxd7 Rxd7 28.
Rxf6 h5 29. Re6 Rxe6 30. dxe6 Qb6+ 31. Nf2 Qxe6 32. Bh3 Qd6 33. Bxd7 Qxd7 34.
Qe2 Qf7 35. Nh3 Bc8 36. Ng5 Qe8 37. Qd2 Bb7 38. Qd6 a6 39. Ba3 g6 40. h4 Bc6
41. Kf2 Bd7 42. Ke3 Kg7 43. Nf3 1-0

[Event "Guelph ProAm int"]
[Site "Guelph CAN"]
[Date "2002.08.09"]
[Round "5"]
[White "Hamilton, Robert"]
[Black "Schmidt, Tom"]
[Result "1-0"]
[WhiteElo "2370"]
[BlackElo "2218"]
[PlyCount "93"]
[EventDate "2002.08.07"]
[EventType "swiss"]
[EventRounds "9"]
[EventCountry "CAN"]

1. d4 Nf6 2. c4 e6 3. Nc3 Bb4 4. Qb3 c5 5. dxc5 Na6 6. a3 Bxc3+ 7. Qxc3 Nxc5 8.
b4 Nce4 9. Qd4 d5 10. c5 b6 11. f3 bxc5 12. bxc5 Qa5+ 13. Qb4 Qxb4+ 14. axb4
Nc3 15. e3 e5 16. Bb2 d4 17. exd4 exd4 18. Ne2 O-O 19. Nxc3 dxc3 20. Bxc3 Nd5
21. Bd2 Re8+ 22. Kf2 Rb8 23. Bc4 Nxb4 24. Rhb1 a5 25. Rxa5 Nc6 26. Rxb8 Nxb8
27. Ra7 Rf8 28. Bf4 Nd7 29. Bd6 Re8 30. c6 Ne5 31. Bxe5 Rxe5 32. Ra8 Re8 33.
Ba6 Bd7 34. Rxe8+ Bxe8 35. c7 Bd7 36. c8=Q+ Bxc8 37. Bxc8 Kf8 38. Ke3 Kg8 39.
Ke4 Kf8 40. Ba6 Ke7 41. Bc4 Kf8 42. Ke5 Ke7 43. Ba2 Kf8 44. Kd6 Ke8 45. Bb3 Kf8
46. Kd7 Kg8 47. Ke7 1-0

[Event "Guelph ProAm int"]
[Site "Guelph CAN"]
[Date "2002.08.09"]
[Round "5"]
[White "Jung, Hans"]
[Black "Milicevic, Goran"]
[Result "0-1"]
[WhiteElo "2270"]
[BlackElo "2414"]
[PlyCount "80"]
[EventDate "2002.08.07"]
[EventType "swiss"]
[EventRounds "9"]
[EventCountry "CAN"]

1. e4 e6 2. d3 d5 3. Nd2 c5 4. g3 Bd6 5. Bg2 Ne7 6. Ngf3 Nbc6 7. O-O O-O 8. b3
d4 9. a4 f6 10. Nc4 e5 11. h3 a6 12. Nfd2 Bc7 13. Nb1 Rb8 14. f4 b5 15. Nb2
exf4 16. Bxf4 Ne5 17. Kh1 g5 18. Bd2 Qe8 19. axb5 axb5 20. Ra7 Bd6 21. c4 N7c6
22. Ra2 b4 23. Be1 Qg6 24. Nd2 Qh6 25. Rf5 g4 26. Rxe5 Nxe5 27. h4 Qg7 28. Qe2
Rf7 29. Nd1 Ra7 30. Rb2 Ra1 31. Nf1 Rba8 32. Kh2 R8a7 33. Rc2 R7a3 34. Nd2 Qh6
35. Kg1 Kg7 36. Kf2 Rxd1 37. Qxd1 Qe3+ 38. Kf1 Nxd3 39. Nb1 Nxe1 40. Re2 Nxg2
0-1

[Event "Guelph ProAm int"]
[Site "Guelph CAN"]
[Date "2002.08.09"]
[Round "5"]
[White "Kret, Ted"]
[Black "Patterson, Roger"]
[Result "0-1"]
[WhiteElo "2149"]
[BlackElo "2225"]
[PlyCount "86"]
[EventDate "2002.08.07"]
[EventType "swiss"]
[EventRounds "9"]
[EventCountry "CAN"]

1. d4 Nf6 2. c4 e6 3. Nc3 Bb4 4. e3 O-O 5. Bd3 d5 6. Nf3 b6 7. O-O Bb7 8. Ne5
Nbd7 9. Qc2 dxc4 10. Bxc4 c5 11. a3 cxd4 12. Nxd7 Qxd7 13. Bb5 Qc7 14. axb4
dxc3 15. bxc3 Rfd8 16. f3 Nd5 17. Bd3 h6 18. e4 Nf4 19. Bb5 a6 20. Ba4 Rac8 21.
Ra3 b5 22. Bb3 Nd3 23. Be3 Nxb4 24. cxb4 Qxc2 25. Bxc2 Rxc2 26. Rb3 f5 27. exf5
exf5 28. h4 Rc4 29. g3 Kf7 30. Kg2 Kf6 31. Rc1 g5 32. hxg5+ hxg5 33. Kf2 f4 34.
gxf4 gxf4 35. Bxf4 Rxf4 36. Rc7 Bd5 37. Ra3 Rd6 38. Ra7 Rxb4 39. R7xa6 Rxa6 40.
Rxa6+ Ke5 41. Rh6 Rb2+ 42. Kg3 Rb3 43. Rh5+ Kd4 0-1

[Event "Guelph ProAm int"]
[Site "Guelph CAN"]
[Date "2002.08.09"]
[Round "5"]
[White "Masse, Hugues"]
[Black "Rodina, Nataliya"]
[Result "1-0"]
[WhiteElo "2155"]
[BlackElo "1879"]
[PlyCount "133"]
[EventDate "2002.08.07"]
[EventType "swiss"]
[EventRounds "9"]
[EventCountry "CAN"]

1. e4 c5 2. Nf3 Nc6 3. d4 cxd4 4. Nxd4 Nf6 5. Nc3 e5 6. Ndb5 d6 7. Bg5 a6 8.
Na3 b5 9. Nd5 Be7 10. Bxf6 Bxf6 11. c3 Bg5 12. Nc2 O-O 13. a4 Rb8 14. axb5 axb5
15. Be2 f5 16. exf5 Bxf5 17. O-O Qd7 18. Ncb4 Nxb4 19. Nxb4 Be6 20. Bf3 Bd8 21.
Nc6 Rc8 22. Ra6 Bc7 23. Qd3 Qf7 24. Be4 g6 25. Nb4 Bc4 26. Qd2 Kg7 27. Bd5 Qf4
28. Rd1 Bxd5 29. Nxd5 Qxd2 30. Rxd2 Bb8 31. Rb6 Rf7 32. Rxb5 Rcf8 33. f3 e4 34.
f4 g5 35. g3 gxf4 36. gxf4 Ba7+ 37. Kf1 Rf5 38. Rb7+ R8f7 39. Rxf7+ Rxf7 40.
Re2 e3 41. Kg2 Rf5 42. c4 Bd4 43. Kf3 Kf7 44. Nxe3 Bxe3 45. Kxe3 Rc5 46. Kd4
Kf6 47. b4 Rc6 48. c5 dxc5+ 49. bxc5 Kf5 50. Kd5 Rc8 51. c6 Kxf4 52. Kd6 Kf3
53. Ra2 Rd8+ 54. Kc7 Rg8 55. Kb7 Rg1 56. Rb2 h5 57. c7 Rg7 58. Kb8 Rg8+ 59.
c8=Q Rxc8+ 60. Kxc8 h4 61. Kd7 h3 62. Ke6 Kg4 63. Ke5 Kg5 64. Ke4 Kg4 65. Ke3
Kg5 66. Kf3 Kh4 67. Kf4 1-0

[Event "Guelph ProAm int"]
[Site "Guelph CAN"]
[Date "2002.08.09"]
[Round "5"]
[White "Obrovac, Zvonko"]
[Black "Findlay, Ian"]
[Result "0-1"]
[WhiteElo "2014"]
[BlackElo "2385"]
[PlyCount "62"]
[EventDate "2002.08.07"]
[EventType "swiss"]
[EventRounds "9"]
[EventCountry "CAN"]

1. Nf3 Nf6 2. c4 c5 3. g3 d5 4. Bg2 Nc6 5. cxd5 Nxd5 6. d4 e6 7. O-O Be7 8. e3
O-O 9. Nc3 Nb6 10. dxc5 Bxc5 11. a3 Be7 12. Qc2 a6 13. b4 Bf6 14. Rb1 e5 15.
Rd1 Qe7 16. Ne4 Bf5 17. Nxf6+ Qxf6 18. e4 Bg4 19. Rd3 Rac8 20. Qc5 Na4 21. Qe3
Rfd8 22. h3 Rxd3 23. Qxd3 Rd8 24. Qb3 Bxf3 25. Qxf3 Qxf3 26. Bxf3 Nd4 27. Kg2
Nxf3 28. Kxf3 Rd1 29. Ra1 f6 30. Ke3 g5 31. Bb2 Nxb2 0-1

[Event "Guelph ProAm int"]
[Site "Guelph CAN"]
[Date "2002.08.09"]
[Round "5"]
[White "Predescu, Sebastian"]
[Black "Divljan, Igor"]
[Result "0-1"]
[WhiteElo "2113"]
[BlackElo "2271"]
[PlyCount "70"]
[EventDate "2002.08.07"]
[EventType "swiss"]
[EventRounds "9"]
[EventCountry "CAN"]

1. e4 c5 2. Nf3 e6 3. d4 cxd4 4. Nxd4 Nc6 5. Nb5 d6 6. c4 Nf6 7. N1c3 a6 8. Na3
b6 9. Be2 Bb7 10. Be3 Ne5 11. f4 Ned7 12. Bf3 Be7 13. Qc2 Qc7 14. O-O O-O 15.
Rac1 Rac8 16. g4 h6 17. h4 Nh7 18. Qf2 Qd8 19. h5 e5 20. f5 Bg5 21. Rfd1 Bxe3
22. Qxe3 Qh4 23. Qf2 Qg5 24. Rc2 Ndf6 25. Qg2 Qe3+ 26. Qf2 Qf4 27. Ne2 Qg5 28.
Qg2 Nxe4 29. Bxe4 Qe3+ 30. Qf2 Qxe4 31. Ng3 Qxg4 32. Rxd6 Ng5 33. Kf1 Nh3 34.
Qe3 Bf3 35. Ne2 Rcd8 0-1

[Event "Guelph ProAm int"]
[Site "Guelph CAN"]
[Date "2002.08.09"]
[Round "5"]
[White "Raheb, David"]
[Black "Buscar, Michael"]
[Result "1-0"]
[WhiteElo "2219"]
[BlackElo "2041"]
[PlyCount "120"]
[EventDate "2002.08.07"]
[EventType "swiss"]
[EventRounds "9"]
[EventCountry "CAN"]

1. e4 c5 2. Nf3 Nc6 3. Bb5 g6 4. O-O Bg7 5. Re1 e6 6. c3 Nge7 7. d4 cxd4 8.
cxd4 d5 9. e5 O-O 10. Nc3 a6 11. Bxc6 Nxc6 12. Bg5 Ne7 13. Qd2 Qd7 14. Na4 Qxa4
15. Bxe7 Re8 16. Bf6 Bd7 17. h4 Rac8 18. h5 Qc2 19. Qg5 Qf5 20. hxg6 fxg6 21.
Qxf5 gxf5 22. Bxg7 Kxg7 23. Rac1 Bb5 24. b3 b6 25. g3 h6 26. Nh4 Kf7 27. Ng2 a5
28. Nf4 Ba6 29. Kg2 Rxc1 30. Rxc1 Rc8 31. Rh1 Rh8 32. a3 Bb5 33. f3 Bd7 34. g4
fxg4 35. fxg4 Kg7 36. Rc1 Rc8 37. Rxc8 Bxc8 38. Kg3 Bd7 39. Kh4 Kh7 40. Nd3 Kg7
41. b4 Bb5 42. Nf4 axb4 43. axb4 Bd7 44. g5 hxg5+ 45. Kxg5 Kf7 46. Kh6 Ba4 47.
Nh3 Bc2 48. Ng5+ Ke7 49. Kg7 b5 50. Nf7 Bd3 51. Nh6 Be2 52. Ng8+ Ke8 53. Kf6
Bg4 54. Ne7 Bh3 55. Ng6 Bf5 56. Nf4 Kd7 57. Ng6 Bg4 58. Nf8+ Ke8 59. Nxe6 Kd7
60. Nf4 Bf3 1-0

[Event "Guelph ProAm int"]
[Site "Guelph CAN"]
[Date "2002.08.09"]
[Round "5"]
[White "Rubanovski, Vladimir"]
[Black "Saint Amand, Paul"]
[Result "1/2-1/2"]
[WhiteElo "2020"]
[BlackElo "2149"]
[PlyCount "70"]
[EventDate "2002.08.07"]
[EventType "swiss"]
[EventRounds "9"]
[EventCountry "CAN"]

1. d4 Nf6 2. Nf3 e6 3. Bg5 c5 4. e3 b6 5. d5 h6 6. Bxf6 Qxf6 7. Nc3 Bb7 8. e4
e5 9. Be2 Be7 10. O-O O-O 11. a4 a6 12. Nd2 d6 13. Nc4 Bd8 14. Bg4 Bc7 15. g3
Bc8 16. Bxc8 Rxc8 17. f4 exf4 18. gxf4 Nd7 19. Kh1 Re8 20. e5 dxe5 21. Qg4 Rad8
22. d6 Bb8 23. Nd5 Qe6 24. Ne7+ Kh7 25. Qxe6 fxe6 26. fxe5 b5 27. axb5 axb5 28.
Rf7 Rf8 29. Nc6 Rxf7 30. Nxd8 Rf5 31. Na3 Rxe5 32. Nc6 Rd5 33. Nxb8 Nxb8 34.
Nxb5 c4 35. Na3 c3 1/2-1/2

[Event "Guelph ProAm int"]
[Site "Guelph CAN"]
[Date "2002.08.09"]
[Round "5"]
[White "Southam, David"]
[Black "Miletic, Damir"]
[Result "1-0"]
[WhiteElo "2200"]
[BlackElo "2229"]
[PlyCount "52"]
[EventDate "2002.08.07"]
[EventType "swiss"]
[EventRounds "9"]
[EventCountry "CAN"]

1. d4 f5 2. g3 e6 3. Bg2 Nf6 4. Nf3 Be7 5. O-O O-O 6. c4 d6 7. Nc3 Qe8 8. Qd3
Qg6 9. Nh4 Qh5 10. Nf3 Qg6 11. Nh4 Qh5 12. f4 Nbd7 13. Nf3 d5 14. Ng5 Nb6 15.
c5 Nc4 16. Nf3 b6 17. b3 Na5 18. b4 Nc4 19. Ne5 Ng4 20. Nxg4 fxg4 21. e4 Bb7
22. f5 c6 23. Bf4 Rad8 24. Rae1 Bg5 25. fxe6 Bf6 26. exd5 cxd5 1-0

[Event "Guelph ProAm int"]
[Site "Guelph CAN"]
[Date "2002.08.10"]
[Round "6"]
[White "Brice, Ron"]
[Black "Predescu, Sebastian"]
[Result "1/2-1/2"]
[WhiteElo "2070"]
[BlackElo "2113"]
[PlyCount "150"]
[EventDate "2002.08.07"]
[EventType "swiss"]
[EventRounds "9"]
[EventCountry "CAN"]

1. c4 Nf6 2. g3 g6 3. Bg2 Bg7 4. Nc3 O-O 5. e4 d6 6. Nge2 c5 7. O-O Nc6 8. d3
Ne8 9. Be3 Nd4 10. Rb1 Nc7 11. b4 Rb8 12. Qd2 Nce6 13. f4 cxb4 14. Rxb4 Nc6 15.
Rbb1 Ned4 16. Nxd4 Nxd4 17. Ne2 Nxe2+ 18. Qxe2 b6 19. d4 Bd7 20. Rb4 Qc7 21.
Rfb1 Rfc8 22. Bf1 Bc6 23. d5 Bd7 24. Qd3 f5 25. Bg2 Re8 26. exf5 Bxf5 27. Be4
e6 28. dxe6 Bxe6 29. Bd5 Qf7 30. a4 Bxd5 31. cxd5 Rbc8 32. Bd2 Rc5 33. Rb5 Rec8
34. a5 bxa5 35. Rxa5 Rc4 36. Rb4 Bd4+ 37. Kg2 Rxb4 38. Bxb4 Bb6 39. Ra1 Qf6 40.
Rb1 Kf7 41. Kh3 Re8 42. Re1 Rxe1 43. Bxe1 Qf5+ 44. Qxf5+ gxf5 45. Bb4 Bc5 46.
Bc3 Kg6 47. Kg2 Kf7 48. Kf3 Kg6 49. h3 h5 50. g4 hxg4+ 51. hxg4 fxg4+ 52. Kxg4
Ba3 53. f5+ Kf7 54. Kf3 Bc5 55. Ke4 Ke7 56. Kd3 Kf7 57. Kc4 Ke7 58. Kb5 Kd7 59.
Bf6 Be3 60. Bh4 Bd4 61. Bg5 Bc3 62. Be3 a5 63. Bb6 Ke7 64. Bxa5 Be5 65. Kc6 Kf6
66. Bd8+ Kxf5 67. Be7 Bf4 68. Bxd6 Bc1 69. Be7 Bf4 70. Bd8 Ke4 71. Bb6 Be5 72.
Bc5 Kf5 73. Kd7 Bf4 74. Bb6 Be5 75. Bc7 Ke4 1/2-1/2

[Event "Guelph ProAm int"]
[Site "Guelph CAN"]
[Date "2002.08.10"]
[Round "6"]
[White "Cummings, David"]
[Black "Hamilton, Robert"]
[Result "1-0"]
[WhiteElo "2474"]
[BlackElo "2370"]
[PlyCount "71"]
[EventDate "2002.08.07"]
[EventType "swiss"]
[EventRounds "9"]
[EventCountry "CAN"]

1. c4 e5 2. g3 Nf6 3. Bg2 c6 4. d4 d6 5. Nc3 Qc7 6. e4 g6 7. Nge2 Bg7 8. O-O
O-O 9. h3 Re8 10. Be3 h6 11. Qd2 Kh7 12. d5 c5 13. g4 Ng8 14. Ng3 Qe7 15. Rab1
Bf6 16. b4 cxb4 17. Rxb4 Bg5 18. Nb5 Na6 19. Ra4 Bd7 20. f4 exf4 21. Bxf4 Bxb5
22. cxb5 Nc5 23. Rc4 Bxf4 24. Qxf4 Kg7 25. Rc3 Rac8 26. Qf2 Qf6 27. Rf3 Qe5 28.
Rxf7+ Kh8 29. Ne2 g5 30. Ng3 Nd3 31. Qf5 Qxf5 32. Nxf5 Red8 33. Rxb7 Rc2 34.
Nd4 Rd2 35. Ne6 Rc8 36. Rff7 1-0

[Event "Guelph ProAm int"]
[Site "Guelph CAN"]
[Date "2002.08.10"]
[Round "6"]
[White "Divljan, Igor"]
[Black "Schleifer, Michael"]
[Result "0-1"]
[WhiteElo "2271"]
[BlackElo "2398"]
[PlyCount "80"]
[EventDate "2002.08.07"]
[EventType "swiss"]
[EventRounds "9"]
[EventCountry "CAN"]

1. d4 Nf6 2. c4 g6 3. Nc3 Bg7 4. e4 O-O 5. Nf3 d6 6. h3 c6 7. Be3 e5 8. d5 cxd5
9. cxd5 Nh5 10. Nd2 Bf6 11. g3 Bg5 12. Bxg5 Qxg5 13. h4 Qe7 14. Be2 Ng7 15. g4
a6 16. h5 b5 17. a3 Nd7 18. Nf1 Nb6 19. Qd2 Bd7 20. Ng3 Rfc8 21. hxg6 fxg6 22.
Kf1 Nc4 23. Bxc4 Rxc4 24. Qh6 Ne8 25. g5 Qf7 26. Rh4 b4 27. Nce2 Rc2 28. a4
Rxb2 29. Kg2 Ra7 30. f4 Qg7 31. Qxg7+ Nxg7 32. fxe5 dxe5 33. Rah1 Nh5 34. Nxh5
gxh5 35. Rxh5 Bg4 36. Rh6 Bxe2 37. Rb6 Rf7 38. Rc1 Bf3+ 39. Kg3 Bxe4 40. Rc8+
Kg7 0-1

[Event "Guelph ProAm int"]
[Site "Guelph CAN"]
[Date "2002.08.10"]
[Round "6"]
[White "Egorov, Mikhail"]
[Black "Day, Lawrence"]
[Result "0-1"]
[WhiteElo "2092"]
[BlackElo "2433"]
[PlyCount "68"]
[EventDate "2002.08.07"]
[EventType "swiss"]
[EventRounds "9"]
[EventCountry "CAN"]

1. Nf3 Nf6 2. g3 d5 3. c4 c6 4. Bg2 Bf5 5. O-O e6 6. b3 h6 7. Bb2 Be7 8. d3 O-O
9. Nbd2 Nbd7 10. Re1 Bh7 11. e4 Nc5 12. Ne5 Nfd7 13. Nxd7 Qxd7 14. Nf3 dxe4 15.
Ne5 Qc7 16. d4 Rad8 17. Qh5 Nd3 18. Nxd3 exd3 19. d5 Bg6 20. Qe5 Qxe5 21. Bxe5
cxd5 22. cxd5 Bb4 23. dxe6 fxe6 24. Rf1 d2 25. Bh3 Bh5 26. Bxe6+ Kh8 27. g4
Rfe8 28. gxh5 Rxe6 29. f4 Be7 30. Kf2 Bh4+ 31. Kf3 Be1 32. Rg1 Rd3+ 33. Ke4
d1=Q 34. Rxd1 Rxd1 0-1

[Event "Guelph ProAm int"]
[Site "Guelph CAN"]
[Date "2002.08.10"]
[Round "6"]
[White "Garcia, Alvaro"]
[Black "Peredun, Andrew"]
[Result "0-1"]
[WhiteElo "2266"]
[BlackElo "2286"]
[PlyCount "70"]
[EventDate "2002.08.07"]
[EventType "swiss"]
[EventRounds "9"]
[EventCountry "CAN"]

1. d4 Nf6 2. c4 g6 3. Nc3 Bg7 4. e4 d6 5. Nge2 c5 6. d5 b5 7. cxb5 O-O 8. Ng3
e6 9. Be2 a6 10. O-O axb5 11. Bxb5 Na6 12. Bg5 h6 13. Bf4 exd5 14. exd5 Nc7 15.
Be2 Rb8 16. Rb1 Rb4 17. Be3 Re8 18. Qd2 h5 19. a3 Rh4 20. Bg5 Rd4 21. Qc1 h4
22. Nh1 Ncxd5 23. Bb5 Re5 24. f4 Rxg5 25. fxg5 Ng4 26. Nf2 Nge3 27. Re1 Qxg5
28. Bf1 Bh6 29. b4 Bf5 30. Nxd5 Rxd5 31. Rb3 Re5 32. bxc5 Nxf1 33. Qxg5 Rxe1
34. Qd8+ Kg7 35. Nh3 Ng3+ 0-1

[Event "Guelph ProAm int"]
[Site "Guelph CAN"]
[Date "2002.08.10"]
[Round "6"]
[White "Hacatoglu, Kevork"]
[Black "Raheb, David"]
[Result "1/2-1/2"]
[WhiteElo "2245"]
[BlackElo "2219"]
[PlyCount "53"]
[EventDate "2002.08.07"]
[EventType "swiss"]
[EventRounds "9"]
[EventCountry "CAN"]

1. e4 c5 2. Nf3 d6 3. d4 cxd4 4. Nxd4 Nf6 5. Nc3 a6 6. f4 e5 7. Nf3 Nbd7 8. a4
Be7 9. Bd3 O-O 10. O-O Nc5 11. Kh1 exf4 12. Bxf4 Bg4 13. Be3 Rc8 14. Qd2 Re8
15. Nd4 Qd7 16. Nf5 Bd8 17. Nxg7 Ncxe4 18. Nxe4 Nxe4 19. Bxe4 Rxe4 20. Bh6 Rcc4
21. Ra3 Bh4 22. h3 Re2 23. Qd5 Be6 24. Nxe6 Qxe6 25. Rg3+ Kh8 26. Bg7+ Kg8 27.
Bh6+ 1/2-1/2

[Event "Guelph ProAm int"]
[Site "Guelph CAN"]
[Date "2002.08.10"]
[Round "6"]
[White "Kagramanov, Dina"]
[Black "Masse, Hugues"]
[Result "0-1"]
[WhiteElo "2057"]
[BlackElo "2155"]
[PlyCount "122"]
[EventDate "2002.08.07"]
[EventType "swiss"]
[EventRounds "9"]
[EventCountry "CAN"]

1. e4 c5 2. Nf3 d6 3. d4 cxd4 4. Qxd4 Nc6 5. Bb5 Bd7 6. Bxc6 Bxc6 7. Nc3 Nf6 8.
Bg5 e6 9. O-O-O Be7 10. Rhe1 O-O 11. e5 dxe5 12. Qh4 Qc7 13. Nxe5 Rfd8 14.
Rxd8+ Rxd8 15. Qf4 Be8 16. Qh4 Nd5 17. Bxe7 Qxe7 18. Qxe7 Nxe7 19. Re4 Nc6 20.
Nd3 Nd4 21. f3 Kf8 22. Nb4 Nb5 23. Nxb5 Bxb5 24. c4 Be8 25. Nc2 Bc6 26. Rd4 Ke7
27. Rxd8 Kxd8 28. Nd4 Bd7 29. Kd2 e5 30. Ne2 Ke7 31. Ng3 b6 32. b4 f5 33. Kd3
Ke6 34. a3 g6 35. Ne2 Bc6 36. Nc3 g5 37. a4 h5 38. a5 bxa5 39. b5 Bb7 40. c5
Ba8 41. c6 Kd6 42. Na4 a6 43. c7 Kxc7 44. b6+ Kc6 45. Kc4 Bb7 46. h3 Bc8 47. g3
h4 48. gxh4 gxh4 49. Kd3 Kb5 50. Nc3+ Kxb6 51. Nd5+ Kc5 52. Ne7 Be6 53. Ng6 a4
54. Kc3 e4 55. Nxh4 e3 56. Ng2 e2 57. h4 a3 58. h5 a2 59. Kb2 Kd4 60. h6 Bg8
61. f4 Kd3 0-1

[Event "Guelph ProAm int"]
[Site "Guelph CAN"]
[Date "2002.08.10"]
[Round "6"]
[White "Krnan, Tomas"]
[Black "Ochkoos, Jura"]
[Result "1/2-1/2"]
[WhiteElo "2165"]
[BlackElo "2341"]
[PlyCount "83"]
[EventDate "2002.08.07"]
[EventType "swiss"]
[EventRounds "9"]
[EventCountry "CAN"]

1. e4 e5 2. Nf3 Nc6 3. Bb5 Nf6 4. O-O Nxe4 5. d4 Nd6 6. Bxc6 dxc6 7. dxe5 Nf5
8. Qxd8+ Kxd8 9. Nc3 h6 10. Rd1+ Ke8 11. h3 a5 12. Ne4 Ne7 13. c4 Ng6 14. Be3
Be6 15. Rac1 Be7 16. Nd4 Rd8 17. f4 Bc8 18. Nb3 Rxd1+ 19. Rxd1 Bf5 20. Nf2 Bc2
21. Ra1 Bxb3 22. axb3 b6 23. Nd3 Kd7 24. Kf2 Nh4 25. g3 Nf5 26. g4 Nxe3 27.
Kxe3 h5 28. Rg1 hxg4 29. hxg4 Rh3+ 30. Ke4 g6 31. f5 Bg5 32. Nf4 Bxf4 33. Kxf4
gxf5 34. gxf5 Rxb3 35. Rg7 Ke8 36. Rg8+ Ke7 37. Rg7 Ke8 38. Rg8+ Kd7 39. f6 Rh3
40. Rf8 Rh7 41. Rg8 Rh1 42. Rf8 1/2-1/2

[Event "Guelph ProAm int"]
[Site "Guelph CAN"]
[Date "2002.08.10"]
[Round "6"]
[White "Mazock, Michael"]
[Black "Rubanovski, Vladimir"]
[Result "0-1"]
[WhiteElo "2193"]
[BlackElo "2020"]
[PlyCount "76"]
[EventDate "2002.08.07"]
[EventType "swiss"]
[EventRounds "9"]
[EventCountry "CAN"]

1. d4 Nf6 2. c4 g6 3. f3 Bg7 4. e4 d6 5. Nc3 O-O 6. Bg5 c5 7. d5 Na6 8. Qd2 Nc7
9. Bd3 e6 10. Nge2 exd5 11. exd5 b5 12. g4 bxc4 13. Bxc4 Re8 14. O-O-O Ba6 15.
Bxa6 Nxa6 16. Qf4 Rb8 17. Rd2 h6 18. Bxh6 Rb4 19. Qg5 Re5 20. Qh4 Rh5 21. Qe1
Rxh6 22. g5 Rh5 23. gxf6 Qxf6 24. a3 Rb8 25. f4 Nc7 26. h4 Qe7 27. Ng3 Qxe1+
28. Rxe1 Rxh4 29. Re7 Nb5 30. Nce2 Nd4 31. Nxd4 Bxd4 32. b4 Rxf4 33. Ne2 Rf1+
34. Kc2 Bf6 35. Rd7 cxb4 36. axb4 Be5 37. Rxa7 Rxb4 38. Ra2 Kg7 0-1

[Event "Guelph ProAm int"]
[Site "Guelph CAN"]
[Date "2002.08.10"]
[Round "6"]
[White "Milicevic, Goran"]
[Black "Degraeve, Jean Marc"]
[Result "0-1"]
[WhiteElo "2414"]
[BlackElo "2635"]
[PlyCount "60"]
[EventDate "2002.08.07"]
[EventType "swiss"]
[EventRounds "9"]
[EventCountry "CAN"]

1. d4 Nf6 2. Nf3 c5 3. d5 g6 4. Nc3 Bg7 5. e4 O-O 6. e5 Ng4 7. Ng5 Nh6 8. h4 f6
9. Nge4 Nf7 10. Nxc5 Nxe5 11. f4 Nf7 12. h5 f5 13. hxg6 hxg6 14. Qf3 Nh6 15.
Bd2 Qb6 16. Nd3 d6 17. O-O-O Nd7 18. Re1 Re8 19. Be3 Qa5 20. Bd4 Bxd4 21. Rxh6
Nf8 22. Qh3 Bg7 23. Be2 Bd7 24. Rh1 Rac8 25. Rxg6 Nxg6 26. Qh7+ Kf8 27. Qxg6
Rxc3 28. Ne5 dxe5 29. Rh7 Rxc2+ 30. Kxc2 Rc8+ 0-1

[Event "Guelph ProAm int"]
[Site "Guelph CAN"]
[Date "2002.08.10"]
[Round "6"]
[White "Patterson, Roger"]
[Black "Obrovac, Zvonko"]
[Result "1-0"]
[WhiteElo "2225"]
[BlackElo "2014"]
[PlyCount "77"]
[EventDate "2002.08.07"]
[EventType "swiss"]
[EventRounds "9"]
[EventCountry "CAN"]

1. e4 c5 2. Nf3 Nc6 3. d4 cxd4 4. Nxd4 Nf6 5. Nc3 e5 6. Ndb5 d6 7. a4 h6 8. Bc4
Be7 9. Nd5 Nxd5 10. Bxd5 O-O 11. c4 a6 12. Nc3 Kh8 13. O-O f5 14. exf5 Bxf5 15.
Be3 Qe8 16. Ne4 Qg6 17. Ng3 Bd3 18. Re1 Nb4 19. Bxb7 Rab8 20. Bd5 Nc2 21. Ra2
Nxe1 22. Qxe1 Bb1 23. Ra1 Rxb2 24. Qa5 Bd3 25. Qxa6 Rfb8 26. h3 Bh4 27. Nf1 Rf8
28. Qa7 Qf6 29. Ng3 Bxg3 30. fxg3 Qg6 31. Qe7 Rfb8 32. Qh4 R2b4 33. a5 e4 34.
a6 Bxc4 35. Bxe4 Qe8 36. Bd4 h5 37. a7 Ra8 38. Qg5 Qxe4 39. Qxg7# 1-0

[Event "Guelph ProAm int"]
[Site "Guelph CAN"]
[Date "2002.08.10"]
[Round "6"]
[White "Rodina, Nataliya"]
[Black "Demmery, Steve"]
[Result "1/2-1/2"]
[WhiteElo "1879"]
[BlackElo "2160"]
[PlyCount "49"]
[EventDate "2002.08.07"]
[EventType "swiss"]
[EventRounds "9"]
[EventCountry "CAN"]

1. e4 d6 2. Bc4 Nf6 3. Nc3 c6 4. d3 e5 5. Bg5 Be7 6. Nf3 Nbd7 7. a3 Qc7 8. O-O
Nf8 9. h3 h6 10. Be3 g5 11. d4 Ng6 12. dxe5 dxe5 13. Nh2 Nf4 14. Ng4 h5 15.
Nxf6+ Bxf6 16. Be2 g4 17. hxg4 Nxe2+ 18. Nxe2 hxg4 19. g3 Bd7 20. c3 c5 21. c4
O-O-O 22. Qc2 Rh3 23. Kg2 Bc6 24. Nc3 Qd7 25. Nd5 1/2-1/2

[Event "Guelph ProAm int"]
[Site "Guelph CAN"]
[Date "2002.08.10"]
[Round "6"]
[White "Rolfe, Warrick"]
[Black "Dougherty, Michael"]
[Result "1-0"]
[WhiteElo "2221"]
[BlackElo "2404"]
[PlyCount "65"]
[EventDate "2002.08.07"]
[EventType "swiss"]
[EventRounds "9"]
[EventCountry "CAN"]

1. e4 c5 2. Nf3 Nc6 3. Bb5 e6 4. Bxc6 bxc6 5. O-O d5 6. e5 Ne7 7. Re1 Ng6 8. d3
Be7 9. c4 O-O 10. Nc3 f6 11. Qe2 fxe5 12. Nxe5 Nxe5 13. Qxe5 Rf5 14. Qe2 Bf6
15. g4 Re5 16. Qf1 Rxe1 17. Qxe1 e5 18. Qe2 h6 19. Bd2 Qd6 20. Rf1 g5 21. Be3
e4 22. f4 gxf4 23. Bxf4 Bd4+ 24. Kh1 Qg6 25. cxd5 exd3 26. Qg2 Bd7 27. h3 Re8
28. Qf3 Kg7 29. d6 c4 30. Kh2 Bc5 31. Be5+ Kg8 32. Ne4 Bxd6 33. Nxd6 1-0

[Event "Guelph ProAm int"]
[Site "Guelph CAN"]
[Date "2002.08.10"]
[Round "6"]
[White "Saint Amand, Paul"]
[Black "Kret, Ted"]
[Result "0-1"]
[WhiteElo "2149"]
[BlackElo "2149"]
[PlyCount "104"]
[EventDate "2002.08.07"]
[EventType "swiss"]
[EventRounds "9"]
[EventCountry "CAN"]

1. e4 e6 2. d4 d5 3. e5 c5 4. c3 Qb6 5. Nf3 Bd7 6. Be2 Nc6 7. O-O Nh6 8. dxc5
Bxc5 9. b4 Bf8 10. Bd3 g6 11. Bf4 Bg7 12. Re1 O-O 13. a4 Rac8 14. Qd2 Nf5 15.
Bxf5 exf5 16. Bh6 Be6 17. Bxg7 Kxg7 18. Na3 a6 19. Nc2 Qc7 20. Rac1 h6 21. h4
Rh8 22. Nfd4 Qd7 23. Nb3 b6 24. Qe3 Rb8 25. Qe2 a5 26. b5 Nd8 27. Nbd4 Rc8 28.
Red1 Qe7 29. Qe3 Qc5 30. Ne1 Qc4 31. Ra1 Qxc3 32. Nxe6+ Nxe6 33. Qxc3 Rxc3 34.
Rxd5 Rhc8 35. Nd3 R3c4 36. g3 g5 37. hxg5 hxg5 38. Nb2 Re4 39. Rad1 g4 40. Rd6
Ng5 41. Nd3 Rxa4 42. Nf4 Nh3+ 43. Nxh3 gxh3 44. Kh2 Ra2 45. Kxh3 Rxf2 46. Kh4
Rc4+ 47. Kh3 Rcc2 48. Kh4 Rfe2 49. Rxb6 Rxe5 50. Rd7 Re4+ 51. Kg5 Rg2 52. Kh5
Rxg3 0-1